Postacie z kreskówki SpongeBob Kanciastoporty - Statystyki

Ogólne statystyki
  • Ten quiz został rozwiązany 65 razy
  • Średni wynik to 10 z 15
Statystyki odpowiedzi
Hint Odpowiedź % Poprawnych
Szef głównego bohatera Pan Krab
100%
Najlepszy przyjaciel głównego bohatera Patryk
98%
Arogancki sąsiad Skalmar
98%
Główny bohater SpongeBob
98%
Zwierzak głównego bohatera Gacuś
96%
Wróg wyżej wymienionego Plankton
94%
Wiewiórka z Teksasu Sandy
84%
Instruktorka jazdy Pani Puff
76%
Jego żona Karen
66%
Umięśniony homar Larry
62%
Córka szefa Perła
58%
Pomocnik superbohatera Skorupin
44%
Superbohater Syrenaman
34%
Moja noga! Fred
22%
Otyły okoń debiutujący w odcinku "Pikle" Bąblodziób
10%
Nie znaleziono quizów pasujących do podanych kryteriów
Rozkład punktacji
Procent ludzi z każdym wynikiem
Percentyl według liczby udzielonych odpowiedzi
Twoja historia wyników
Nie rozwiązałeś tego quizu